<?xml version="1.0" encoding="UTF-8"?>
<record
    xmlns:xsi="http://www.w3.org/2001/XMLSchema-instance"
    xsi:schemaLocation="http://www.loc.gov/MARC21/slim http://www.loc.gov/standards/marcxml/schema/MARC21slim.xsd"
    xmlns="http://www.loc.gov/MARC21/slim">

  <leader>00762nab a22002057a 4500</leader>
  <controlfield tag="003">BPK</controlfield>
  <controlfield tag="005">20160217104242.0</controlfield>
  <controlfield tag="008">160217b1977    pl ||||| |||| 00| ||pol  </controlfield>
  <datafield tag="040" ind1=" " ind2=" ">
    <subfield code="c">BPK</subfield>
  </datafield>
  <datafield tag="080" ind1=" " ind2=" ">
    <subfield code="a">621.43</subfield>
  </datafield>
  <datafield tag="080" ind1=" " ind2=" ">
    <subfield code="a">621.822</subfield>
  </datafield>
  <datafield tag="100" ind1=" " ind2=" ">
    <subfield code="a">MAJEWSKI, Wojciech.</subfield>
    <subfield code="d">1974 - 1986.</subfield>
    <subfield code="b">Wy&#x17C;sza Szko&#x142;a In&#x17C;ynierska w Koszalinie - Instytut Konstrukcji i Eksploatacji Maszyn,</subfield>
    <subfield code="c">Zak&#x142;ad Podstaw Konstrukcji Maszyn</subfield>
  </datafield>
  <datafield tag="245" ind1=" " ind2=" ">
    <subfield code="a">Kawitacja w &#x15B;lizgowych &#x142;o&#x17C;yskach silnik&#xF3;w spalinowych /</subfield>
    <subfield code="c">Wojciech Majewski, Jan K&#x142;opocki, Pawe&#x142; Romanowski.</subfield>
  </datafield>
  <datafield tag="260" ind1=" " ind2=" ">
    <subfield code="c">1977.</subfield>
  </datafield>
  <datafield tag="500" ind1=" " ind2=" ">
    <subfield code="a">Dane z kartoteki bpp.</subfield>
  </datafield>
  <datafield tag="650" ind1=" " ind2="0">
    <subfield code="a">Silniki spalinowe.</subfield>
  </datafield>
  <datafield tag="650" ind1=" " ind2="0">
    <subfield code="a"> &#x141;o&#x17C;yska &#x15B;lizgowe.</subfield>
  </datafield>
  <datafield tag="773" ind1=" " ind2=" ">
    <subfield code="i">W :</subfield>
    <subfield code="t">Silniki Spalinowe. -</subfield>
    <subfield code="g">1977, nr 4, s. 41-47</subfield>
  </datafield>
  <datafield tag="942" ind1=" " ind2=" ">
    <subfield code="c">ART</subfield>
    <subfield code="2">UKD</subfield>
  </datafield>
  <datafield tag="999" ind1=" " ind2=" ">
    <subfield code="c">7312</subfield>
    <subfield code="d">7312</subfield>
  </datafield>
</record>
